000 01777cam a22004214i 4500
003 PE-LiUPU
005 20250731184117.0
008 150706s2006 pe r 000 0 spa d
020 _a9789972278464
035 _a(Sirsi) i9789972278464
040 _aPE-LiUPU
_bspa
_cPE-LiUPU
_erda
049 _aPRUA
082 0 4 _a869.57
_bT62
_221
100 1 _aTitinger, Daniel,
_eautor.
245 1 0 _aDios es peruano :
_bhistorias reales para creer en un país /
_cDaniel Titinger ; prólogo de Alonso Cueto.
264 1 _aLima :
_bPlaneta,
_c2006.
300 _a178 páginas ;
_c22 centimetros
336 _atext
_2rdacontent
337 _aunmediated
_2rdamedia
338 _avolume
_2rdacarrier
505 0 _aAsí en la tierra -- El pisco y la Guerra Fría del pacífico -- Viaje apátrida a la tierra del cebiche -- El Imperio de la Inca -- Como en el Cielo. -El hombre que visitó Ganimedes -- Miss mundo ya no es de este mundo -- El ascensor al espacio -- Epílogo -- Himno nacional.
526 _aP145
526 _aP127
526 _aP97
526 _aP14
526 _aP07
541 _g2-4138;
650 0 4 _aEnsayos peruanos
_ySiglo XXI.
650 0 4 _aPisco en la literatura.
650 0 4 _aSeviche en la literatura.
700 1 _aCueto, Alonso,
_eprol.
910 _agl
_bjv
_cng
_d20120821
942 _2ddc
_cBOOK
949 _a869.57 T62
_wDEWEY
_c1
_i65328
_lCCODEBUL1
_mBUL
_p12.00
_r0
_sY
_tBOOK
_u2015-7-6
_xFCE
_PP04
_o.STAFF. Colección General
994 _aC0
_bPEPRU
596 _a1
999 _a869.57 T62
_wDEWEY
_c53896
_i65328
_d53896
_e2018-5-29
_f2021-11-8
_g6
_lCCODEBUL1
_mBUL
_n8
_p12.00
_q2
_r0
_sY
_tBOOK
_u2015-7-6
_xFCE
_PP04
_0COMPRA
_o.STAFF. Colección General
980 _81
_gALBERTO SANCHEZ Responsable de Automatización